Comparación económica del uso para generación hidroeléctrica o para riego del río Tapezco

Guardat en:
Dades bibliogràfiques
Autor principal: Garrido Sandino, Carlos Ahmed
Format: Llibre
Publicat: [San José , Costa Rica] 1985
Matèries:
Etiquetes: Afegir etiqueta
Sense etiquetes, Sigues el primer a etiquetar aquest registre!

MARC

LEADER 00000nam a2200000Ia 4500
003 002959
005 20221231144401.0
008 140114s1985 cr a m 000 ||s d
040 |c cru CEDI 
090 |a TFG 1727 
100 |a Garrido Sandino, Carlos Ahmed  |9 14488 
245 |a Comparación económica del uso para generación hidroeléctrica o para riego del río Tapezco 
260 |c 1985  |a  [San José , Costa Rica] 
300 |a  [169] hojas : ilustraciones, mapas (algunos plegables 
500 |a  Proyecto de graduación (ingeniero civil)--Universidad de Costa Rica. Escuela de Ingeniería Civil 
650 |x RIO TAPEZCO (COSTA RICA)   |x RIEGO - TAPEZCO (ALFARO RUIZ, ALAJUELA, COSTA RICA)   |x ENERGIA HIDRAULICA - TAPEZCO (ALFARO RUIZ, ALAJUELA)  |9 14489 
942 |c TFG 
999 |c 21076  |d 21076